| 000 | 00512nam a2200193Ia 4500 | ||
|---|---|---|---|
| 003 | OSt | ||
| 005 | 20220107122638.0 | ||
| 008 | 130318s9999 xx 000 0 und d | ||
| 020 | _a9788131723562 | ||
| 040 | _cIIITM-K | ||
| 082 | _a 006.3 KRI/I | ||
| 100 |
_aKrithivasan, Kamala _91204 |
||
| 245 | _aIntroduction to formal languages, automata theory and computation | ||
| 260 |
_bPearson Education _aChennai _c2009 |
||
| 300 | _a416 | ||
| 650 |
_aAUTOMATA _91205 |
||
| 700 |
_aRama, R _91206 |
||
| 942 |
_2ddc _cBK |
||
| 999 |
_c1660 _d1660 |
||